000 00498nam a22001697a 4500
005 20251108172534.0
008 250721s1998 xx 000 0 ara d
082 1 4 _a956.50223/أرد
245 1 0 _aقمر الأمة /
264 1 _aعمان :
_bدار الخبرة الأردنية،
_c1998.
300 _a205 ص.
650 1 7 _aتاريخ الأردن
650 1 7 _aعهد الملك حسين 1952-1999
710 2 _aدار الخبرة الأردنية
942 _2ddc
_cBK
999 _c81978
_d81978